Canciones La Oreja de Van Gogh - Estadísticas

Estadísticas generales
  • Esta prueba ha sido intentada 291 veces
  • La puntuación promedio es 13 de 67
Estadísticas de respuestas
Año Album 1998 % Correcto
2003 Lo que te conté mientras te hacías la dormida Rosas
93%
2000 El viaje de Copperpot La playa
72%
2003 Lo que te conté mientras te hacías la dormida 20 de enero
64%
2006 Guapa Muñeca de trapo
57%
2003 Lo que te conté mientras te hacías la dormida Puedes contar conmigo
56%
2000 El viaje de Copperpot Cuídate
49%
2000 El viaje de Copperpot París
48%
2000 El viaje de Copperpot Pop
41%
2003 Lo que te conté mientras te hacías la dormida Geografía
40%
2006 Guapa Dulce locura
38%
1998 Dile al sol Dile al sol
36%
1998 Dile al sol Cuéntame al oído
35%
2003 Lo que te conté mientras te hacías la dormida Vestido azul
35%
2003 Lo que te conté mientras te hacías la dormida Deseos de cosas imposibles
32%
1998 Dile al sol El 28
29%
2000 El viaje de Copperpot Soledad
28%
2000 El viaje de Copperpot Mariposa
22%
1998 Dile al sol Soñaré
21%
2003 Lo que te conté mientras te hacías la dormida Nadie como tú
19%
2000 El viaje de Copperpot Dicen que dicen
18%
2000 El viaje de Copperpot La chica del gorro azul
18%
2003 Lo que te conté mientras te hacías la dormida Bonustrack
16%
2003 Lo que te conté mientras te hacías la dormida Historia de un sueño
16%
2006 Guapa Perdida
16%
2000 El viaje de Copperpot Desde el puerto
15%
2006 Más guapa En mi lado del sofá
15%
2003 Lo que te conté mientras te hacías la dormida La paz de tus ojos
15%
2006 Más guapa La paz de tus ojos
15%
2003 Lo que te conté mientras te hacías la dormida Un mundo mejor
15%
2003 Lo que te conté mientras te hacías la dormida Adiós
14%
2006 Guapa Cuántos cuentos cuento
14%
2006 Más guapa Cuántos cuentos cuento
14%
2000 El viaje de Copperpot Los amantes del círculo polar
14%
2006 Guapa A diez centímetros de ti
13%
2006 Guapa Noche
13%
1998 Dile al sol Pesadilla
13%
2003 Lo que te conté mientras te hacías la dormida Tu y yo
13%
2006 Guapa Mi vida sin ti
12%
2006 Guapa V.O.S.
12%
2006 Más guapa V.O.S.
12%
1998 Dile al sol El libro
11%
2003 Lo que te conté mientras te hacías la dormida La esperanza debida
11%
1998 Dile al sol La estrella y la luna
11%
2006 Guapa Manhattan
11%
2003 Lo que te conté mientras te hacías la dormida Perdóname
11%
2006 Guapa Vuelve
11%
1998 Dile al sol La carta
10%
2000 El viaje de Copperpot Tantas cosas que contar
10%
2000 El viaje de Copperpot Tic Tac
10%
2000 El viaje de Copperpot Tu pelo
10%
2006 Guapa Apareces tú
9%
2006 Más guapa Coronel
9%
2006 Más guapa Amores dormidos
8%
2006 Guapa Irreversible
8%
1998 Dile al sol Qué puedo pedir
8%
2006 Guapa Escapar
7%
1998 Dile al sol Lloran piedras
7%
1998 Dile al sol Dos cristales
6%
2006 Más guapa El árbol
6%
1998 Dile al sol Viejo cuento
6%
2006 Más guapa Aquella ingrata
5%
2006 Más guapa Escalera a la luna
5%
2006 Más guapa Nube
5%
2006 Más guapa Canción desesperada
4%
2006 Más guapa Déjate llevar
3%
2006 Más guapa Despacio
3%
2006 Más guapa Nuestro mundo
3%
No se encontraron pruebas coincidentes
Distribución de puntuación
Porcentaje de gente con cada puntuación
Porcentaje por número respondido
Historial de tus puntuaciones
No has intentado esta prueba.